000 00588nam a2200181 i 4500
001 9748
003 ES-MaACL
005 20230906145740.0
007 t|
008 931222s1992 ec ||||1| spa d
080 _a821.134.2(866)-14"19"
100 1 _aVelasco Garcés, Raúl.
_9113757
245 1 4 _aLos Pájaros urbanos, 1970-1977
_b: poesía /
_cRaúl Velasco Garcés.
260 _aQuito :
_bEdit,
_c1992.
300 _a53 p. ;
_c22 cm.
852 _aES-MaACL
_j2148-F-17
_z. - Dedicatoria autógrafa del autor
852 _aES-MaACL
_j2148-F-18
_z. - Dedicatoria autógrafa del autor
999 _c9748
_d9748